00422 a2200109 4500001001000000005001700010008004100027245010800068100003000176773008900206999001700295ART_1580720260410161918.0260409a 10aCuestiones ambientales en informes financieros bajo normas internacionales de información financiera:1 aFronti de García, Luisa0 tDocumentos de trabajo de contabilidad socialg- Año 4, Nº 2 (dic. 2011)wREV14388 c27484d27484